| 000 | 00468nam a2200121Ia 4500 | ||
|---|---|---|---|
| 008 | 160712s9999 xx 000 0 und d | ||
| 100 | _aKim, Jaewook. | ||
| 245 |
_cJaewook Kim _aBehavior of Retail Gasoline Prices in the Philippines to Changes in Crude Oil Prices: Is it Symmetric or Asymmetric? |
||
| 260 |
_c2012 _bPhilippine Management Review |
||
| 300 | _avol. 19 | ||
| 650 | _xMANAGEMENT | ||
| 856 | _uhttp://journals.upd.edu.ph/index.php/pmr/issue/view/306/showToc | ||
| 999 |
_c297443 _d297443 |
||